| 000 | 00000nam##2200000za#4500 |
| 001 | 9.570559 |
| 003 | CaOODSP |
| 005 | 20210624182310 |
| 007 | cr ||||||||||| |
| 008 | 150406|1995||||xxc|||||o f|0| 0 eng|d |
| 040 | |aCaOODSP|beng |
| 043 | |an-cn--- |
| 086 | 1 |aC21-24/4-1995E-PDF |
| 110 | 1 |aCanada.|bIndustry Canada. |bMicro-Economic Analysis Directorate. |
| 245 | 14|aThe economic impact of mergers and acquisitions on corporations / |h[electronic resource]|cby Gilles Mcdougall. |
| 260 | |aOttawa - Ontario : |bIndustry Canada. |cFebruary 1995. |
| 300 | |a49p.|bgraphs, tables |
| 490 | 1 |aWorking paper series|vNo. 4 |
| 504 | |aBibliography. |
| 590 | |a12-10-Supp|b2012-03-23 |
| 720 | 1 |aMcdougall, Gilles |
| 775 | 08|tL'impact économique des activités de fusion et d'acquisition sur les entreprises / |w(CaOODSP)9.601206 |
| 776 | 0#|tThe economic impact of mergers and acquisitions on corporations / |w(CaOODSP)9.525534 |
| 776 | 0#|tL'impact économique des activités de fusion et d'acquisition sur les entreprises / |w(CaOODSP)9.525535 |
| 830 | #0|aWorking paper series ;|vNo. 4|w(CaOODSP)9.504711 |
| 856 | 40|ahttp://publications.gc.ca|qPDF|s522 KB|uhttps://publications.gc.ca/collections/Collection/C21-24-4-1995E.pdf|yNo. 4 |